000 02427nam0a22004691 4500
001 RU\NLR\A1SV\35755
005 20260406061527.0
035 _a(NLR Aleph) 009718251
090 _a9863386
_c9863386
100 _a19810109d1920 u y0rusy50 ca
101 0 _arus
102 _aRU
200 1 _aГусли красноармейца
_eСб. пролет. поэтов
_eПосвящается героям Крас. фронтов
210 _a[Пг.]
_cПетрогр. союз рабочих полигр. пр-ва
_d1920
215 _a32 с.
_d16 см
327 0 _aАвт.: Демьян Бедный, Павел Арский, Александра Гуринович, Красный гусляр (Федор Грошиков), И.Логинов, Кирилов, П.Бунаков, В.Князев, Герасимов, Сергей Заревой и др.
620 _dСанкт-Петербург
702 1 _aБедный
_bД.
_f1883-1945
_gДемьян
_4070
702 1 _4070
_7ca
_8rus
_aАрский
_bП. А.
_cучастник революц. движения, писатель
_f1886-1967
_gПавел Александрович
_9177002
_3RU\NLR\AUTH\770177053
702 1 _aГуринович
_bА.
_gАлександра
_4070
702 1 _6z01790
_aГрошиков
_bФ.В.
_f1894-1975
_gФедор Васильевич
_4070
702 1 _4070
_7ca
_8rus
_aЛогинов
_bИ. С.
_cучастник революц. движения, поэт
_f1891-1942
_gИван Степанович
_9177102
_3RU\NLR\AUTH\770177153
702 1 _aКирилов
_4070
702 1 _4070
_7ca
_8rus
_aБунаков
_bП. П.
_f1888-
_gПетр Петрович
_9189025
_3RU\NLR\AUTH\770189076
702 1 _4070
_8rus
_7ca
_aКнязев
_bВ. В.
_cпоэт-сатирик
_f1887-1937
_gВасилий Васильевич
_3RU\NLR\AUTH\7711743
_9121484
702 1 _aГерасимов
_bМ.П.
_f1889-1939
_gМихаил Прокопьевич
_4070
702 1 _6z02790
_aКошкаров
_bС.Н.
_f1878-1919
_gСергей Николаевич
790 0 _6z01702
_aКрасный гусляр
_4070
790 1 _6z02790
_aЗаревой
_bС.
_gСергей
801 0 _aRU
_bNLR
_c19810109
852 _aNLR
_j37.76.7.58
852 _aNLR
_j128/1593
899 _aГПИБ
899 _aБАН
899 _aРКП
899 _aРГБ
899 _aМГУ
899 _aRR
942 _cBOOK
980 _aNB
980 _aA1SV